[Event "Regionalliga Nord-Ost 1819"]
[Site "Bayern"]
[Date "2019.01.20"]
[Round "5.8"]
[White "Antczak, Lena"]
[Black "Brock, Ditmar"]
[Result "1-0"]
[WhiteElo "1752"]
[BlackElo "1856"]
[PlyCount "87"]
[EventDate "2018.10.21"]
[EventType "team-tourn"]
[EventRounds "9"]
[EventCountry "GER"]
[SourceTitle "EXT 2022"]
[Source "ChessBase"]
[SourceDate "2021.10.06"]
[SourceVersion "1"]
[SourceVersionDate "2021.10.06"]
[SourceQuality "1"]
[WhiteTeam "Kelheim SK II"]
[BlackTeam "Bad Koetzting"]
[WhiteTeamCountry "GER"]
[BlackTeamCountry "GER"]

1. e4 c5 2. Nc3 Nc6 3. g3 g6 4. Bg2 Bg7 5. d3 Nf6 6. Be3 d6 7. h3 e5 8. Nge2 0-0 9. 0-0 Nd4 10. f4 Bd7 11. g4 Bxg4 12. hxg4 Nxg4 13. Bf2 exf4 14. Nxf4 Qg5 15. Ncd5 Be5 16. Nh3 Qh5 17. c3 Ne6 18. Bg3 Bxg3 19. Qxg4 Qxg4 20. Nf6+ Kg7 21. Nxg4 h5 22. Ne3 Be5 23. Rf3 g5 24. Rf5 Kg6 25. Nd5 f6 26. Rd1 Rf7 27. Kh1 Rc8 28. Rf2 Bg3 29. Rf3 Be5 30. Rff1 b6 31. Rd2 b5 32. Ng1 Nf4 33. d4 Nxd5 34. dxe5 Ne3 35. Rxf6+ Rxf6 36. exf6 Kxf6 37. Rxd6+ Ke5 38. Rh6 Nxg2 39. Kxg2 Kxe4 40. Rxh5 Kd3 41. Rxg5 Kc2 42. b4 cxb4 43. cxb4 a6 44. Rc5+ 1-0

[Event "Arber op 7th"]
[Site "Bodenmais"]
[Date "2018.08.01"]
[Round "5"]
[White "Kochendoerfer, Juergen"]
[Black "Brock, Ditmar"]
[Result "0-1"]
[WhiteElo "1776"]
[BlackElo "1933"]
[PlyCount "62"]
[EventDate "2018.07.28"]
[EventType "swiss"]
[EventRounds "9"]
[EventCountry "GER"]
[SourceTitle "CBM 185 Extra"]
[Source "ChessBase"]
[SourceDate "2018.07.29"]
[SourceVersion "1"]
[SourceVersionDate "2018.07.29"]
[SourceQuality "1"]

1. b3 d5 2. Bb2 Nf6 3. e3 e6 4. Nf3 Be7 5. c4 0-0 6. d3 c5 7. Be2 Nc6 8. d4 cxd4 9. Nxd4 Bb4+ 10. Bc3 Bxc3+ 11. Nxc3 e5 12. Nxc6 bxc6 13. cxd5 Qa5 14. Qd2 Rd8 15. Ne4 Qxd2+ 16. Nxd2 cxd5 17. Nf3 Re8 18. 0-0 Bg4 19. Bb5 Re7 20. Nd2 Rc8 21. h3 Rc2 22. hxg4 Rxd2 23. Rac1 g6 24. f3 Rxa2 25. g5 Nh5 26. Rfd1 d4 27. g4 Ng3 28. Re1 Rb7 29. Bc4 dxe3 30. Rxe3 Rd7 31. Be2 Nxe2+ 0-1

[Event "Arber op 7th"]
[Site "Bodenmais"]
[Date "2018.07.30"]
[Round "3"]
[White "Zepke, Armin"]
[Black "Brock, Ditmar"]
[Result "1-0"]
[WhiteElo "2130"]
[BlackElo "1933"]
[PlyCount "119"]
[EventDate "2018.07.28"]
[EventType "swiss"]
[EventRounds "9"]
[EventCountry "GER"]
[SourceTitle "CBM 185 Extra"]
[Source "ChessBase"]
[SourceDate "2018.07.29"]
[SourceVersion "1"]
[SourceVersionDate "2018.07.29"]
[SourceQuality "1"]

1. d4 Nf6 2. Nf3 d5 3. Bf4 e6 4. e3 c5 5. c3 Nc6 6. Nbd2 cxd4 7. exd4 Nh5 8. Bg5 f6 9. Bh4 Bd6 10. Bg3 Nf4 11. Nb3 0-0 12. Qd2 Qc7 13. h4 Ne7 14. Bh2 e5 15. Bxf4 exf4 16. Bd3 Bf5 17. 0-0 Be4 18. Qc2 Bxd3 19. Qxd3 b6 20. Rfe1 Qd7 21. Qe2 Kf7 22. c4 Rae8 23. c5 Bc7 24. Qd3 Kg8 25. Re2 Nc6 26. Rae1 Rxe2 27. Qxe2 Kf7 28. a3 Re8 29. Qxe8+ Qxe8 30. Rxe8 Kxe8 31. Kf1 Kd7 32. Ke2 b5 33. Kd3 Ke6 34. Nbd2 a5 35. Ne1 Kf5 36. Nc2 g5 37. b4 axb4 38. Nxb4 Nxb4+ 39. axb4 gxh4 40. f3 Ke6 41. Nf1 h5 42. Nd2 f5 43. Nb3 Kd7 44. Kc3 Bd8 45. Nc1 Bc7 46. Nd3 Ke6 47. Kd2 Kf6 48. Nf2 Ke6 49. Nh3 Kf6 50. Ke2 Bb8 51. Kf1 Bc7 52. Kg1 Bb8 53. Kh2 Bc7 54. Nf2 Ke6 55. Nd3 Kf6 56. Kh3 Kg5 57. Nc1 Bd8 58. Ne2 Bf6 59. Nc3 Bxd4 60. Nxd5 1-0

[Event "Arber op 7th"]
[Site "Bodenmais"]
[Date "2018.07.28"]
[Round "1"]
[White "Schloegl, Andreas"]
[Black "Brock, Ditmar"]
[Result "0-1"]
[WhiteElo "1204"]
[BlackElo "1933"]
[PlyCount "56"]
[EventDate "2018.07.28"]
[EventType "swiss"]
[EventRounds "9"]
[EventCountry "GER"]
[SourceTitle "CBM 185 Extra"]
[Source "ChessBase"]
[SourceDate "2018.07.29"]
[SourceVersion "1"]
[SourceVersionDate "2018.07.29"]
[SourceQuality "1"]

1. e4 c5 2. c4 Nc6 3. Nf3 g6 4. Nc3 Bg7 5. a3 d6 6. Qb3 Nf6 7. Be2 0-0 8. 0-0 Nd4 9. Nxd4 cxd4 10. Nd5 Nxe4 11. Qf3 Ng5 12. Qf4 e6 13. Nb4 Be5 14. d3 Bxf4 15. Bxf4 e5 16. Bd2 f5 17. Rae1 a5 18. Nd5 Be6 19. Rc1 Bxd5 20. cxd5 f4 21. Bg4 h5 22. Be6+ Nxe6 23. dxe6 Qe7 24. Rc2 Qxe6 25. Ra1 Qb3 26. Rc7 Qxb2 27. Rd1 Rf7 28. Bc1 Qb3 0-1

[Event "Arber op 5th"]
[Site "Bodenmais"]
[Date "2016.08.01"]
[Round "3"]
[White "Brock, Ditmar"]
[Black "Fuchs, Michael"]
[Result "1/2-1/2"]
[WhiteElo "1931"]
[BlackElo "2146"]
[PlyCount "80"]
[EventDate "2016.07.30"]
[EventType "swiss"]
[EventRounds "9"]
[EventCountry "GER"]
[SourceTitle "CBM 173 Extra"]
[Source "ChessBase"]
[SourceDate "2016.08.29"]
[SourceVersion "1"]
[SourceVersionDate "2016.08.29"]
[SourceQuality "1"]

1. Nf3 g6 2. e4 Bg7 3. d4 d6 4. Be2 Nf6 5. Nbd2 0-0 6. 0-0 c5 7. d5 e6 8. dxe6 Bxe6 9. Ng5 Nc6 10. Re1 Bc8 11. Bc4 h6 12. Ngf3 Re8 13. h3 Be6 14. Bb5 Qb6 15. a4 d5 16. Ra3 a6 17. Bxc6 Qxc6 18. e5 Nd7 19. Nf1 b5 20. axb5 axb5 21. Rxa8 Rxa8 22. Bf4 Kh7 23. g4 d4 24. N1d2 Bd5 25. Qe2 Re8 26. Qd3 f6 27. exf6 Rxe1+ 28. Nxe1 Bxf6 29. Qe2 c4 30. f3 Nc5 31. Be5 Qe6 32. f4 g5 33. Kf1 gxf4 34. Bxf4 Qf7 35. Qf2 Bh4 36. Qxd4 Ne6 37. Qxd5 Qxf4+ 38. Ndf3 Ng5 39. Qd7+ Kg8 40. Qd8+ Kg7 1/2-1/2

[Event "Arber op 5th"]
[Site "Bodenmais"]
[Date "2016.07.30"]
[Round "1"]
[White "Brock, Ditmar"]
[Black "Sergeev, Vladimir"]
[Result "0-1"]
[WhiteElo "1931"]
[BlackElo "2450"]
[PlyCount "40"]
[EventDate "2016.07.30"]
[EventType "swiss"]
[EventRounds "9"]
[EventCountry "GER"]
[SourceTitle "CBM 173 Extra"]
[Source "ChessBase"]
[SourceDate "2016.08.29"]
[SourceVersion "1"]
[SourceVersionDate "2016.08.29"]
[SourceQuality "1"]

1. Nf3 c5 2. e4 a6 3. c4 e6 4. Nc3 Qc7 5. Be2 Nf6 6. 0-0 b6 7. d3 Bb7 8. Bg5 Be7 9. Re1 h6 10. Bh4 d6 11. Bf1 g5 12. Bg3 Nh5 13. d4 g4 14. Nh4 Rg8 15. d5 Nd7 16. dxe6 fxe6 17. e5 Nxe5 18. Bxe5 dxe5 19. g3 Bxh4 20. gxh4 Rd8 0-1

[Event "Klatovy op 22nd"]
[Site "Klatovy"]
[Date "2016.07.10"]
[Round "9"]
[White "Soural, Karel"]
[Black "Brock, Ditmar"]
[Result "1/2-1/2"]
[WhiteElo "2035"]
[BlackElo "1931"]
[PlyCount "20"]
[EventDate "2016.07.02"]
[EventType "swiss"]
[EventRounds "9"]
[EventCountry "CZE"]
[SourceTitle "CBM 173 Extra"]
[Source "ChessBase"]
[SourceDate "2016.08.29"]
[SourceVersion "1"]
[SourceVersionDate "2016.08.29"]
[SourceQuality "1"]

1. e4 c5 2. Nf3 d6 3. d4 cxd4 4. Nxd4 Nf6 5. Nc3 a6 6. Bg5 e6 7. Qd2 h6 8. Bxf6 Qxf6 9. 0-0-0 Nc6 10. f4 Qxd4 1/2-1/2

[Event "Klatovy op 22nd"]
[Site "Klatovy"]
[Date "2016.07.02"]
[Round "1"]
[White "Vorisek, Jaroslav"]
[Black "Brock, Ditmar"]
[Result "1-0"]
[WhiteElo "2171"]
[BlackElo "1931"]
[PlyCount "21"]
[EventDate "2016.07.02"]
[EventType "swiss"]
[EventRounds "9"]
[EventCountry "CZE"]
[SourceTitle "CBM 173 Extra"]
[Source "ChessBase"]
[SourceDate "2016.08.29"]
[SourceVersion "1"]
[SourceVersionDate "2016.08.29"]
[SourceQuality "1"]

1. d4 Nf6 2. Nf3 d5 3. g3 Bf5 4. c4 c6 5. Nc3 h6 6. Qb3 Qb6 7. c5 Qxb3 8. axb3 Nbd7 9. b4 e5 10. dxe5 Ng4 11. Nd4 1-0

[Event "Arber op 1st"]
[Site "Bayerisch Eisenstein"]
[Date "2012.08.26"]
[Round "9"]
[White "Urban, Rudolf"]
[Black "Brock, Ditmar"]
[Result "0-1"]
[WhiteElo "1801"]
[BlackElo "1790"]
[PlyCount "86"]
[EventDate "2012.08.18"]
[EventType "swiss"]
[EventRounds "9"]
[EventCountry "GER"]
[SourceTitle "CBM 150 Extra"]
[Source "ChessBase"]
[SourceDate "2012.10.19"]
[SourceVersion "1"]
[SourceVersionDate "2012.10.19"]
[SourceQuality "1"]

1. d4 Nf6 2. Nf3 e6 3. Bf4 b6 4. e3 Bb7 5. Nbd2 Be7 6. Bd3 c5 7. c3 cxd4 8. exd4 d6 9. Qe2 Nbd7 10. h3 a6 11. 0-0 0-0 12. Rad1 b5 13. Rfe1 Re8 14. Ng5 Nf8 15. Nge4 Nd5 16. Bh2 Ng6 17. Bb1 f5 18. f3 fxe4 19. fxe4 Ndf4 20. Bxf4 Nxf4 21. Qg4 e5 22. Nf3 Bc8 23. Qg3 Qc7 24. a3 Be6 25. d5 Bd7 26. Kh1 Rf8 27. Ba2 Qd8 28. Qf2 Qe8 29. c4 Qh5 30. Re3 Bd8 31. c5 dxc5 32. d6+ Kh8 33. Bd5 Rb8 34. Rd2 c4 35. Qg3 Qh6 36. b4 Nh5 37. Qe1 Qf4 38. Rc3 Ng3+ 39. Kh2 Nf1+ 40. Kg1 Nxd2 41. Nxd2 Bb6+ 42. Kh1 Qf2 43. Qd1 Bd4 0-1